[Event "19. Intern. Travemünder Schach-Open"]
[Site "?"]
[Date "2002.12.30"]
[Round "7"]
[White "Michailow, Sergej"]
[Black "Kemeny, Matthias"]
[Result "1-0"]
[WhiteElo "2179"]
[BlackElo "2075"]
[PlyCount "103"]
[EventDate "2002.??.??"]

1. e4 c6 2. Ne2 d5 3. e5 Bf5 4. Ng3 Bg6 5. h4 h6 6. h5 Bh7 7. e6 fxe6 8. d4 Qd6
9. f4 Nf6 10. Bd3 Ne4 11. Bxe4 dxe4 12. Nc3 Nd7 13. Ngxe4 Bxe4 14. Nxe4 Qd5 15.
Qd3 O-O-O 16. Be3 Nf6 17. Nc3 Qxg2 18. O-O-O Qf3 19. Rdf1 Qg4 20. f5 e5 21. Qc4
Nd5 22. Rhg1 Qxh5 23. Nxd5 Rxd5 24. dxe5 a6 25. Rh1 Qe8 26. e6 g6 27. Bb6 gxf5
28. Rd1 Rd6 29. Bd4 Rg8 30. Qc5 Bg7 31. Bf2 Qd8 32. Qa7 Qc7 33. Bb6 Qb8 34.
Qxb8+ Kxb8 35. Rxd6 exd6 36. Rg1 Bxb2+ 37. Kxb2 Rxg1 38. Bxg1 Kc8 39. Bf2 Kd8
40. Bh4+ Ke8 41. Kc3 a5 42. Kd4 b5 43. Ke3 c5 44. Kf4 a4 45. Kxf5 b4 46. Ke4 c4
47. Kd4 d5 48. Bf6 b3 49. cxb3 cxb3 50. axb3 a3 51. Kxd5 a2 52. b4 1-0

[Event "19. Intern. Travemünder Schach-Open"]
[Site "?"]
[Date "2002.12.30"]
[Round "7"]
[White "Schmid, Thomas"]
[Black "Dirks, Martin"]
[Result "1-0"]
[WhiteElo "2175"]
[BlackElo "1821"]
[PlyCount "71"]
[EventDate "2002.??.??"]

1. Nc3 d5 2. e4 e6 3. d4 dxe4 4. Nxe4 Nf6 5. Nxf6+ Qxf6 6. Nf3 h6 7. c3 c5 8.
Be3 b6 9. Ne5 Bd6 10. Bb5+ Nd7 11. Bc6 Rb8 12. Nxd7 Bxd7 13. Bxd7+ Kxd7 14.
Qa4+ Kc7 15. dxc5 Bxc5 16. Bxc5 bxc5 17. Qxa7+ Kc6 18. Qa6+ Kc7 19. O-O Rxb2
20. Qa5+ Kc6 21. Rad1 Qe7 22. Qa4+ Kc7 23. Qa7+ Rb7 24. Qa5+ Kc6 25. Rd2 Ra7
26. Rd6+ Kxd6 27. Qb6+ Ke5 28. f4+ Kf6 29. f5 Kg5 30. Qb1 Qd6 31. Qe4 e5 32. f6
h5 33. fxg7 Rg8 34. Qh7 Qg6 35. Qxg8 f5 36. Qd8+ 1-0

[Event "19. Intern. Travemünder Schach-Open"]
[Site "?"]
[Date "2002.12.30"]
[Round "7"]
[White "FM Rüberg, Jobst"]
[Black "Schinkowski, Christoph"]
[Result "0-1"]
[WhiteElo "2335"]
[BlackElo "2115"]
[PlyCount "66"]
[EventDate "2002.??.??"]

1. e4 d5 2. exd5 Qxd5 3. Nc3 Qa5 4. Bc4 c6 5. Nf3 Nf6 6. O-O Bg4 7. Re1 Nbd7 8.
d4 e6 9. Qd3 Bd6 10. h3 Bf5 11. Qe2 O-O 12. Bd2 Qc7 13. Bb3 h6 14. Ne5 a6 15.
Bf4 Rfe8 16. Rad1 Rad8 17. Bg3 b5 18. Qf3 b4 19. Nxf7 Bxg3 20. fxg3 Kxf7 21.
Qxf5 bxc3 22. Bxe6+ Kf8 23. bxc3 Qxg3 24. c4 g6 25. Qf1 Kg7 26. Rd3 Qg5 27. Rf3
Re7 28. Qf2 Rde8 29. h4 Rxe6 30. hxg5 Rxe1+ 31. Qxe1 Rxe1+ 32. Kf2 Rc1 33.
gxf6+ Nxf6 0-1

[Event "20. Intern. Travemünder Schach-Open"]
[Site "?"]
[Date "2003.12.27"]
[Round "1"]
[White "Nickel, Notker"]
[Black "Bock, Simon"]
[Result "1-0"]
[WhiteElo "1736"]
[BlackElo "1022"]
[PlyCount "63"]
[EventDate "2003.??.??"]

1. e4 e5 2. Nf3 Nc6 3. d4 exd4 4. Nxd4 Nxd4 5. Qxd4 Nf6 6. e5 Qe7 7. Bc4 d6 8.
f4 Be6 9. exf6 Qxf6 10. Qxf6 gxf6 11. Bxe6 fxe6 12. O-O d5 13. Nc3 O-O-O 14.
Kh1 h5 15. Re1 Rd6 16. Nb5 Ra6 17. Nd4 Kd7 18. Bd2 f5 19. Nf3 h4 20. Bc3 Rh6
21. Ne5+ Ke7 22. Bb4+ Ke8 23. Bxf8 Kxf8 24. Re3 Ke7 25. a3 Ra4 26. Nd3 b6 27.
Nb4 Kd6 28. b3 Ra5 29. Nd3 c5 30. Ne5 Rf6 31. Rd1 Rxa3 32. Nc4+ 1-0

[Event "20. Intern. Travemünder Schach-Open"]
[Site "?"]
[Date "2003.12.27"]
[Round "2"]
[White "Hesse, Jürgen"]
[Black "Nickel, Notker"]
[Result "1-0"]
[WhiteElo "2137"]
[BlackElo "1736"]
[PlyCount "51"]
[EventDate "2003.??.??"]

1. e4 c5 2. Nc3 d6 3. f4 Nc6 4. Bb5 Bd7 5. Bxc6 Bxc6 6. Nf3 Qc7 7. O-O e6 8.
Qe1 O-O-O 9. d3 g6 10. Rb1 Bg7 11. Bd2 Ne7 12. Kh1 b6 13. b4 h6 14. a4 Rhg8 15.
Nb5 Qb7 16. bxc5 dxc5 17. Ne5 f6 18. Nc4 Bxb5 19. Rxb5 Qa6 20. Qb1 Kc7 21. a5
Rb8 22. axb6+ axb6 23. Qb2 Nc8 24. Ra1 Qb7 25. Ba5 f5 26. e5 1-0

[Event "20. Intern. Travemünder Schach-Open"]
[Site "?"]
[Date "2003.12.27"]
[Round "1"]
[White "Schulenburg, Fabian"]
[Black "GM Voloshin, Leonid"]
[Result "0-1"]
[WhiteElo "1775"]
[BlackElo "2503"]
[PlyCount "106"]
[EventDate "2003.??.??"]

1. e4 g6 2. d4 Bg7 3. Nc3 d6 4. Be3 a6 5. Nf3 b5 6. a3 Nd7 7. Be2 Bb7 8. O-O
Rc8 9. Nd2 c5 10. Nb3 cxd4 11. Nxd4 Ngf6 12. f3 O-O 13. Kh1 Ne5 14. Qd2 Nc4 15.
Bxc4 Rxc4 16. Nde2 Qc7 17. Bh6 Rc8 18. Bxg7 Kxg7 19. Rad1 Qc5 20. Nd4 h6 21.
Nb3 Qb6 22. Nd4 R4c7 23. Qf2 Qc5 24. Rd2 e5 25. Nb3 Qxf2 26. Rfxf2 Ne8 27. Na5
Ba8 28. Nd1 f5 29. exf5 gxf5 30. Rfe2 Kf6 31. c3 h5 32. Ne3 Ke6 33. Kg1 h4 34.
Nc2 Rg7 35. Nb3 Rcc7 36. Nb4 Bb7 37. Na5 Bxf3 38. Re3 Be4 39. Nb3 Ra7 40. Na5
Rg8 41. Nac6 Rc7 42. Na5 Rcg7 43. Ree2 Nc7 44. c4 bxc4 45. Nxc4 Nb5 46. Kf1 Nd4
47. Rf2 h3 48. g3 d5 49. Ne3 f4 50. Nec2 Bg2+ 51. Ke1 Nf3+ 52. Rxf3 Bxf3 53.
gxf4 Rg1+ 0-1

[Event "20. Intern. Travemünder Schach-Open"]
[Site "?"]
[Date "2003.12.27"]
[Round "1"]
[White "Zimmermann, Bernd"]
[Black "Zimmermann, Julian"]
[Result "0-1"]
[WhiteElo "1681"]
[BlackElo "2212"]
[PlyCount "36"]
[EventDate "2003.??.??"]

{Rd. 1, Brett 38} 1. e4 c5 2. Nf3 d6 3. d4 cxd4 4. Nxd4 Nf6 5. Nc3 a6 6. Be2 e5
7. Nf3 Be7 8. Bg5 Nbd7 9. O-O O-O 10. Qd2 b5 11. a3 Bb7 12. Bd3 h6 13. Bh4 Rc8
14. Rfe1 Nb6 15. Rad1 Qc7 16. Bg3 Nc4 17. Qc1 $2 (17. Bxc4 $142) 17... Nxb2 18.
Nxb5 $4 (18. Qxb2 $142 Qxc3 19. Qb4) 18... Nxd3 0-1

[Event "20. Intern. Travemünder Schach-Open"]
[Site "?"]
[Date "2003.12.27"]
[Round "2"]
[White "Brömstrup, Björn"]
[Black "Zimmermann, Bernd"]
[Result "0-1"]
[WhiteElo "1232"]
[BlackElo "1681"]
[PlyCount "30"]
[EventDate "2003.??.??"]

{Rd. 2, Brett 130} 1. e4 e5 2. Nf3 Nc6 3. d4 exd4 4. Nxd4 d6 5. Bb5 Bd7 6. Nc3
Nf6 7. O-O Be7 8. Re1 O-O 9. Bxc6 bxc6 10. e5 dxe5 11. Rxe5 Bd6 12. Re1 Ng4 13.
Nxc6 Qh4 14. h3 Qxf2+ 15. Kh1 Qg3 0-1

[Event "20. Intern. Travemünder Schach-Open"]
[Site "?"]
[Date "2003.12.28"]
[Round "3"]
[White "Zimmermann, Bernd"]
[Black "Schmezko, Stefan"]
[Result "0-1"]
[WhiteElo "1681"]
[BlackElo "2064"]
[PlyCount "66"]
[EventDate "2003.??.??"]

{Rd. 3, Brett 73} 1. e4 e5 2. Nf3 Nc6 3. Bb5 a6 4. Ba4 Nf6 5. O-O Be7 6. Re1 b5
7. Bb3 O-O 8. c3 d5 9. exd5 Nxd5 10. Nxe5 Nxe5 11. Rxe5 c6 12. d4 Bd6 13. Re1
Qh4 14. g3 Qh3 15. Qd3 Bg4 16. Qf1 Qh5 17. Be3 Rae8 18. Nd2 Re6 19. a4 Rfe8 20.
Bxd5 Qxd5 21. axb5 axb5 22. Qg2 Qf5 23. Ra6 Bf4 24. Rxc6 (24. gxf4 $2 Bh3 $11)
24... Rxe3 25. fxe3 Rxe3 26. Ra1 h5 $6 (26... h6 $142) 27. Rc5 Qe6 28. gxf4 Re2
29. Qa8+ Kh7 30. Re5 Qg6 31. Rxe2 $6 (31. Ne4 $142) 31... Bf3+ 32. Kf2 $4 (32.
Kf1 {...nur dieser Zug haelt den Vorteil fest.} 32... Bxa8 33. Rxa8 Qc6 34.
Rae8 Qh1+ 35. Kf2 Qxh2+ 36. Ke3 Qg1+ 37. Kd3 Qg3+ 38. Kc2 Qxf4 39. R2e5 $18)
32... Qg2+ 33. Ke3 Qxe2# 0-1

[Event "20. Intern. Travemünder Schach-Open"]
[Site "?"]
[Date "2003.12.28"]
[Round "4"]
[White "Heese, Dennis"]
[Black "Zimmermann, Bernd"]
[Result "0-1"]
[WhiteElo "1338"]
[BlackElo "1681"]
[PlyCount "192"]
[EventDate "2003.??.??"]

{Rd. 4, Brett 125} 1. d4 d5 2. c4 e6 3. Nc3 Bb4 4. e3 Nf6 5. a3 Be7 6. b4 O-O
7. Bd3 dxc4 8. Bxc4 c6 9. Nf3 Nbd7 10. O-O b6 11. Ng5 Nd5 12. Nge4 f5 13. Bxd5
exd5 14. Ng3 Nf6 15. f3 Be6 16. Qd3 Qd7 17. Nce2 g5 18. Nh1 h5 19. Nf2 h4 20.
Bd2 Kg7 21. Nc3 Rh8 22. e4 f4 23. h3 Rh7 24. Ng4 Nxg4 25. fxg4 Rah8 26. exd5 {
R.a.} 26... cxd5 27. Rfe1 Bf6 28. Rac1 Bxg4 29. Nb5 $2 (29. hxg4 $142) 29...
Bf5 30. Qf1 Kh6 31. Rc7 Qd8 32. Rxh7+ Rxh7 33. Bxf4 $2 gxf4 34. Qxf4+ Kg6 35.
Rf1 Qd7 (35... Be4 $144) 36. Nd6 Bxd4+ $6 (36... Rh5 $142) 37. Qxd4 Qxd6 38.
Rxf5 Kxf5 (38... Re7 39. Qg4+ Kh7 40. Rh5+ Qh6 41. Rxh6+ Kxh6 42. Qxh4+ Kg6 43.
Qxe7 $18) 39. Qd3+ Ke6 40. Qxh7 Qe7 41. Qg6+ $2 (41. Qxe7+ $142 Kxe7 {
...und ich denke, S sollte sich jetzt Sorgen machen fuer die Zukunft.}) 41...
Ke5 42. Qd3 Qg5 43. Qe2+ Kd4 44. Qc2 Qe3+ 45. Kh2 Qg3+ 46. Kg1 Qxa3 47. Qd1+
Qd3 48. Qg4+ Qe4 49. Qd1+ Kc4 50. Qa4 Qb1+ 51. Kh2 Qxb4 52. Qxa7 b5 53. Qc7+
Kd3 (53... Qc5) (53... Kb3) 54. Qc1 Qc4 55. Qf1+ Kc3 56. Qe1+ {R.a.} 56... Kc2
57. Qf2+ Kd1 58. Qf3+ Ke1 59. Qe3+ Kd1 60. Qf3+ Kd2 61. Qf5 b4 62. Qf2+ Kc3 63.
Qe3+ Kc2 64. Qf2+ Kb3 65. Qe3+ Qc3 66. Qe6 Qd4 67. Qg6 Kb2 68. Qa6 b3 69. Qe2+
Kc3 70. Qe1+ Kc4 71. Qc1+ Kb4 72. Qe1+ Ka3 73. Qa5+ Kb2 74. Qe1 Kc2 75. Qe2+
Qd2 76. Qe5 b2 77. Qf5+ Kc1 78. Qf1+ Kc2 79. Qf5+ Qd3 80. Qf2+ Kb3 81. Qb6+ Ka2
82. Qa5+ Kb1 83. Qe1+ Kc2 84. Qf2+ Qd2 85. Qf6 b1=Q 86. Qxh4 Qbe1 87. Qh7+ Qd3
88. Qc7+ Kd1 89. Qg7 d4 90. Qg4+ Kd2 91. Qf4+ Qde3 92. Qxe3+ dxe3 93. h4 Qxh4+
94. Kg1 e2 95. g4 e1=Q+ 96. Kg2 Qeh1# 0-1

[Event "20. Intern. Travemünder Schach-Open"]
[Site "?"]
[Date "2003.12.29"]
[Round "5"]
[White "Zimmermann, Bernd"]
[Black "König, Frank"]
[Result "1/2-1/2"]
[WhiteElo "1681"]
[BlackElo "2018"]
[PlyCount "108"]
[EventDate "2003.??.??"]

{Rd. 5, Brett 81} 1. e4 c5 2. Nf3 Nc6 3. d4 cxd4 4. Nxd4 g6 5. c4 Nf6 6. Nc3
Nxd4 7. Qxd4 d6 8. Be2 Bg7 9. O-O O-O 10. Qd1 Bd7 11. Be3 Bc6 12. f3 Re8 13.
Qd2 Qa5 14. Rfd1 Rac8 15. a3 a6 16. b4 Qc7 17. Rac1 Qb8 18. b5 (18. a4 $142)
18... axb5 19. cxb5 Bd7 20. a4 $6 (20. b6 $142) 20... b6 21. Na2 Be6 22. a5
bxa5 23. Qxa5 Nd7 24. b6 $2 (24. Nb4 $142) 24... Nxb6 25. Rb1 Qa8 26. Qxb6 Qxa2
27. Rd2 Rc2 28. Rxc2 Qxc2 29. Ba6 h5 30. Rc1 Qa2 31. Bb5 Ra8 32. Qb7 Qa3 33.
Qb6 Qb2 34. Bf1 Ra2 35. Qxb2 Rxb2 36. Rc7 {R.a.} 36... Bf6 (36... Rb1 $142) 37.
Rc1 Rb4 38. Kf2 Bd4 39. Bxd4 Rxd4 40. Ke3 Rb4 41. Ra1 {R.a.} 41... f6 42. f4
Kf7 43. g3 Bc4 44. Bxc4+ Rxc4 45. h4 Rc3+ 46. Kf2 Ke6 47. Ra6 Rb3 48. Ra5 f5
49. exf5+ gxf5 50. Ra8 Kf6 51. Rf8+ Kg6 52. Rg8+ Kh6 53. Rh8+ Kg6 54. Rg8+ Kh6
{R.a.} 1/2-1/2

[Event "20. Intern. Travemünder Schach-Open"]
[Site "?"]
[Date "2003.12.29"]
[Round "6"]
[White "Kracht, Helmut"]
[Black "Zimmermann, Bernd"]
[Result "1/2-1/2"]
[WhiteElo "2006"]
[BlackElo "1681"]
[PlyCount "82"]
[EventDate "2003.??.??"]

{Rd. 6, Brett 86} 1. e4 e5 2. Nf3 Nc6 3. d4 exd4 4. c3 d6 5. cxd4 Nf6 6. Nc3
Be7 7. h3 O-O 8. Bd3 Bd7 9. a3 a5 10. O-O Qc8 11. Be3 Ne8 12. Nd5 f5 13. e5
dxe5 14. Nxe5 Bd6 15. Nxd7 Qxd7 16. Bc4 Kh8 17. f4 Ne7 18. Rc1 Nxd5 19. Bxd5 c6
20. Bf3 Nf6 21. Qb3 Rfe8 22. g3 Ne4 23. Bxe4 Rxe4 24. Rfe1 Rae8 25. Kf2 R8e7 (
25... h5 $142) 26. d5 c5 (26... cxd5 $143) 27. Bd2 (27. Qb6 $142) 27... a4 28.
Qb6 h6 (28... Rd4 $142 29. Rxe7 Bxe7 30. Bc3 Rxd5 31. Re1 Rd6 32. Qa7 h6 33.
Re2 Bd8 34. Be5 (34. Qxc5 $4 Bb6) 34... Rg6 $19) 29. Rxe4 Rxe4 30. Re1 {
R.a., da nur noch 5' auf der Uhr.} 30... Rxe1 31. Bxe1 Bf8 (31... Kh7 $142) 32.
Bc3 Qxd5 33. Qxh6+ Kg8 34. Qb6 Qe4 35. h4 Qc2+ (35... c4 $144) 36. Kf3 Qd1+ 37.
Kf2 Qh1 $2 (37... Qc2+ $142) 38. Qe6+ Kh8 39. Qf7 $2 (39. Qxf5 $142 Qh2+ 40.
Kf3 Qh1+ 41. Kg4 Qd1+ 42. Kg5 Qd8+ 43. Kh5 Qd1+ 44. Kg5 Qd8+ 45. Kg6 Qd6+ 46.
Kh5 Qd1+ 47. Kg5 Qd8+ 48. Kg6 Qd6+ {...und wie weiter?}) 39... Qh2+ 40. Kf3
Qh1+ 41. Kf2 Qh2+ {R.a.} 1/2-1/2

[Event "20. Intern. Travemünder Schach-Open"]
[Site "?"]
[Date "2003.12.30"]
[Round "7"]
[White "Zimmermann, Bernd"]
[Black "Just, Anita"]
[Result "1-0"]
[WhiteElo "1681"]
[BlackElo "1986"]
[PlyCount "47"]
[EventDate "2003.??.??"]

{Rd. 7, Brett 86} 1. e4 e6 2. d4 d5 3. Nc3 Bb4 4. e5 c5 5. a3 Bxc3+ 6. bxc3 Ne7
7. Qg4 Qc7 8. Qxg7 Rg8 9. Qxh7 cxd4 10. Ne2 Nbc6 11. f4 Bd7 12. Qd3 dxc3 13.
Nxc3 {R.a.} 13... a6 14. Rb1 Rc8 15. Bd2 Nf5 16. g3 d4 $2 17. Ne4 Nxe5 $4 18.
fxe5 Qxe5 19. Bf4 Qa5+ 20. Bd2 Qd8 (20... Qe5 $142 21. Bf4 Qa5+ 22. Rb4 $1) 21.
Bh3 Bc6 22. O-O Ne3 $4 (22... Bxe4 $142 23. Qxe4 Nxg3 24. hxg3 (24. Qh7 {
...ist auch moeglich.}) 24... Rxg3+ 25. Bg2 b5) 23. Nf6+ Kf8 24. Bb4+ 1-0

[Event "20. Intern. Travemünder Schach-Open"]
[Site "?"]
[Date "2003.12.27"]
[Round "1"]
[White "Nacke, Lars"]
[Black "Dahlhaus, Friedhelm"]
[Result "1/2-1/2"]
[WhiteElo "1680"]
[BlackElo "2190"]
[PlyCount "115"]
[EventDate "2003.??.??"]

{96MB, Fritz8.ctg, THERMO} 1. d4 Nf6 2. c4 e6 3. Nf3 b6 4. g3 Bb7 5. Bg2 Bb4+
6. Bd2 Qe7 7. O-O Bxd2 8. Nbxd2 O-O 9. Qc2 d6 10. e4 e5 11. d5 a5 12. a3 a4 13.
b4 axb3 14. Nxb3 Nbd7 15. Rfb1 Ra4 16. Nbd2 Rfa8 17. Qc3 Nc5 18. Ne1 Bc8 19.
Nd3 Nxd3 20. Qxd3 Nd7 21. Qc3 Nc5 22. Rf1 Bd7 23. f4 f6 24. fxe5 Qxe5 25. Qxe5
dxe5 26. Rf3 Kf8 27. Rc3 Ke7 28. h3 Kd6 29. g4 Be8 30. Kf2 h5 31. Kg3 hxg4 32.
hxg4 Bd7 33. Bf3 Ke7 34. Bd1 R4a5 35. Bf3 Nb7 36. Ra2 Nd6 37. Ra1 Rc5 38. Rcc1
b5 39. Be2 bxc4 40. Bxc4 Ra4 41. Bb3 Rxc1 42. Rxc1 Rxa3 43. Rxc7 Kd8 44. Rc3
Ba4 45. Kh4 Bxb3 46. Rxb3 Rxb3 47. Nxb3 Nxe4 48. Kh5 Nc3 49. Kg6 Nxd5 50. Kxg7
Ke7 51. Kg6 Ne3 52. Kh5 Ke6 53. Nc5+ Kd6 54. Ne4+ Ke7 55. Nc5 Ng2 56. Ne4 Kf7
57. Nd6+ Ke6 58. Ne4 1/2-1/2

[Event "20. Intern. Travemünder Schach-Open"]
[Site "?"]
[Date "2003.12.27"]
[Round "2"]
[White "Maahs, Erich"]
[Black "Nacke, Lars"]
[Result "1-0"]
[WhiteElo "2201"]
[BlackElo "1680"]
[PlyCount "85"]
[EventDate "2003.??.??"]

{96MB, Fritz8.ctg, THERMO} 1. e4 c5 2. f4 d6 3. Nf3 Nc6 4. Bc4 g6 5. d3 Bg7 6.
O-O e6 7. c3 Nge7 8. Bb3 b5 9. Kh1 a5 10. a4 b4 11. Be3 Ba6 12. Qc2 Rc8 13.
Nbd2 O-O 14. Rad1 Qd7 15. Bc4 Bxc4 16. Nxc4 Qc7 17. f5 exf5 18. Nh4 fxe4 19.
dxe4 Rcd8 20. Bf4 Ne5 21. Ne3 h6 22. Bg3 Qc6 23. c4 b3 24. Qxb3 Qxe4 25. Rf4
Qc6 26. Rf2 Rb8 27. Qc2 Rb4 28. Rfd2 Rd8 29. b3 Qb6 30. Bxe5 Bxe5 31. Nf3 Bf4
32. Rd3 Rb8 33. Nd2 Bxe3 34. Rxe3 Nf5 35. Rh3 h5 36. Rf1 Nd4 37. Qd3 f5 38. Qg3
Kg7 39. Rxh5 Rxb3 40. Qg5 Rh8 41. Qe7+ Kg8 42. Qe8+ Kg7 43. Qxh8+ 1-0

[Event "20. Intern. Travemünder Schach-Open"]
[Site "?"]
[Date "2003.12.03"]
[Round "3"]
[White "Nacke, Lars"]
[Black "Buncke, Konstantin"]
[Result "1-0"]
[WhiteElo "1680"]
[BlackElo "1421"]
[PlyCount "51"]
[EventDate "2003.??.??"]

{96MB, Fritz8.ctg, THERMO} 1. d4 e6 2. c4 d5 3. Nf3 Nf6 4. Nc3 Be7 5. e3 O-O 6.
c5 b6 7. cxb6 axb6 8. Bd2 c5 9. a4 Ba6 10. Bb5 Bxb5 11. axb5 Nbd7 12. O-O Qc7
13. Ra4 e5 14. dxe5 Nxe5 15. Nxe5 Qxe5 16. Qf3 Rxa4 17. Nxa4 Ne4 18. Rd1 Bd6
19. g3 Rd8 20. Nxb6 Qxb2 21. Be1 Qxb5 22. Nxd5 Ng5 23. Qg4 h6 24. Bc3 c4 25. f4
Ne6 26. f5 1-0

[Event "20. Intern. Travemünder Schach-Open"]
[Site "?"]
[Date "2003.12.28"]
[Round "4"]
[White "Schuemann, Joachim"]
[Black "Nacke, Lars"]
[Result "1-0"]
[WhiteElo "2066"]
[BlackElo "1680"]
[PlyCount "76"]
[EventDate "2003.??.??"]

{96MB, Fritz8.ctg, THERMO} 1. d3 Nf6 2. e4 d6 3. f4 c5 4. Nf3 Nc6 5. Be2 g6 6.
O-O Bg7 7. c3 Bd7 8. Na3 Rb8 9. Kh1 b5 10. e5 dxe5 11. fxe5 Ng4 12. e6 Bxe6 13.
Ng5 Nge5 14. Nxe6 fxe6 15. d4 cxd4 16. Bxb5 dxc3 17. Qa4 cxb2 18. Bxb2 Rxb5 19.
Qxb5 Qb6 20. Qxb6 axb6 21. Nc4 b5 22. Nxe5 Bxe5 23. Bxe5 Nxe5 24. Rab1 Rf8 25.
Rxf8+ Kxf8 26. Rxb5 Nc6 27. a4 Ke8 28. Kg1 Kd7 29. Kf2 e5 30. Ke3 Kc7 31. Ke4
Kd6 32. g4 Ke6 33. Rb6 Kd6 34. g5 Kc5 35. Rxc6+ Kxc6 36. Kxe5 Kb6 37. Ke6 Ka5
38. Kxe7 Kxa4 1-0

[Event "20. Intern. Travemünder Schach-Open"]
[Site "?"]
[Date "2003.12.29"]
[Round "5"]
[White "Nacke, Lars"]
[Black "Kickert, Germaine"]
[Result "1-0"]
[WhiteElo "1680"]
[BlackElo "1315"]
[PlyCount "41"]
[EventDate "2003.??.??"]

{96MB, Fritz8.ctg, THERMO} 1. d4 d5 2. c4 e6 3. Nf3 c5 4. e3 Nc6 5. cxd5 exd5
6. Nc3 Nf6 7. dxc5 Bxc5 8. Be2 d4 9. exd4 Nxd4 10. Nxd4 Qxd4 11. Qxd4 Bxd4 12.
Nb5 Bb6 13. Nd6+ Ke7 14. Nc4 Bd4 15. O-O Re8 16. Bf3 Be6 17. Re1 Rac8 18. Na5
Rc2 19. Be3 Bxb2 20. Rad1 Bc3 21. Bc5# 1-0

[Event "20. Intern. Travemünder Schach-Open"]
[Site "?"]
[Date "2003.12.29"]
[Round "6"]
[White "Baier, Reinhard"]
[Black "Nacke, Lars"]
[Result "1/2-1/2"]
[WhiteElo "1948"]
[BlackElo "1680"]
[PlyCount "60"]
[EventDate "2003.??.??"]

{96MB, Fritz8.ctg, THERMO} 1. e4 c5 2. Nf3 d6 3. d4 cxd4 4. Nxd4 a6 5. c4 Nf6
6. Nc3 g6 7. f3 Bg7 8. Be3 O-O 9. Qd2 Nbd7 10. Be2 Qc7 11. Rc1 b6 12. O-O e6
13. Rfd1 Rd8 14. b3 Bb7 15. Bf1 Rac8 16. Qf2 Ne5 17. Na4 Nfd7 18. b4 Bc6 19.
Nxc6 Qxc6 20. Nxb6 Nxb6 21. Bxb6 Rd7 22. c5 dxc5 23. Bxc5 Rxd1 24. Rxd1 Qa4 25.
Rd6 Nc6 26. Qd2 Bf8 27. Rd7 Nxb4 28. Bxf8 (28. Rd8 Qc6 29. Rxc8 Qxc8 30. Bxb4)
28... Rxf8 29. Bc4 a5 30. Qd4 Qc6 (30... Nxa2) 1/2-1/2

[Event "20. Intern. Travemünder Schach-Open"]
[Site "?"]
[Date "2003.12.30"]
[Round "7"]
[White "Nacke, Lars"]
[Black "Krueger, Alexander"]
[Result "0-1"]
[WhiteElo "1680"]
[BlackElo "1903"]
[PlyCount "46"]
[EventDate "2003.??.??"]

{96MB, Fritz8.ctg, THERMO} 1. d4 Nf6 2. c4 e6 3. Nf3 d5 4. e3 Be7 5. Nc3 O-O 6.
Bd3 dxc4 7. Bxc4 Nbd7 8. O-O Nb6 9. Bd3 c5 10. dxc5 Bxc5 11. Qc2 Qe7 12. e4 e5
13. Bg5 h6 14. Bh4 Bg4 15. Nd2 g5 16. Bg3 Nh5 17. a4 Nxg3 18. hxg3 Be6 19. b3
Rac8 20. a5 Bd4 21. axb6 Rxc3 22. bxa7 Rxc2 23. a8=Q Rxd2 0-1

[Event "20. Intern. Travemünder Schach-Open"]
[Site "?"]
[Date "2003.12.27"]
[Round "1"]
[White "Fedorchuk, Serge"]
[Black "Hollatz, Olaf"]
[Result "1-0"]
[WhiteElo "2561"]
[BlackElo "1805"]
[PlyCount "70"]
[EventDate "2003.??.??"]

1. c4 c5 2. Nc3 Nc6 3. g3 g6 4. Bg2 Bg7 5. Nf3 e6 6. O-O Nge7 7. d3 O-O 8. e4
d6 9. a3 a5 10. Rb1 Rb8 11. Be3 Nd4 12. Ne2 Nxe2+ 13. Qxe2 Nc6 14. Bd2 Bd7 15.
Bc3 Nd4 16. Nxd4 cxd4 17. Bd2 b5 18. b4 a4 19. Rbc1 Qb6 20. Rc2 Rbc8 21. Rfc1
e5 22. Qf1 Rc7 23. Bh3 Bxh3 24. Qxh3 Rfc8 25. cxb5 f5 26. Rxc7 Rxc7 27. exf5
Rxc1+ 28. Bxc1 Qxb5 29. fxg6 hxg6 30. Qe6+ Kh7 31. Qc4 Qxc4 32. dxc4 e4 33. b5
Bf8 34. b6 d5 35. b7 Bd6 1-0

[Event "20. Intern. Travemünder Schach-Open"]
[Site "?"]
[Date "2003.12.27"]
[Round "1"]
[White "Gall, Raphael"]
[Black "Jaracz, Pawel"]
[Result "0-1"]
[WhiteElo "1801"]
[BlackElo "2542"]
[PlyCount "60"]
[EventDate "2003.??.??"]

1. e4 c5 2. Nf3 e6 3. d4 cxd4 4. Nxd4 Nc6 5. Nc3 Qc7 6. Ndb5 Qb8 7. Be3 Nf6 8.
Be2 Be7 9. O-O O-O 10. Bf3 a6 11. Nd4 Qc7 12. Qe2 Ne5 13. Rad1 b5 14. a3 Bb7
15. Bf4 d6 16. Rfe1 Rac8 17. h3 Nfd7 18. Bg4 Nxg4 19. Qxg4 Ne5 20. Nxe6 fxe6
21. Bxe5 dxe5 22. Qxe6+ Rf7 23. Rd7 Qc5 24. Rxb7 Rc6 25. Qd7 Qxf2+ 26. Kh2 Qxe1
27. Nd5 h6 28. Qe8+ Kh7 29. Qxf7 Rg6 30. Nxe7 Qg3+ 0-1

[Event "20. Intern. Travemünder Schach-Open"]
[Site "?"]
[Date "2003.12.27"]
[Round "1"]
[White "Czudaj, Jessica"]
[Black "Jess, Arne"]
[Result "0-1"]
[WhiteElo "1156"]
[BlackElo "1789"]
[PlyCount "38"]
[EventDate "2003.??.??"]

1. e4 c5 2. Nf3 d6 3. d4 cxd4 4. Nxd4 Nf6 5. Nc3 g6 6. Bd2 Bg7 7. Be3 Bd7 8.
Qd2 Nc6 9. Be2 O-O 10. O-O a6 11. Rad1 Rc8 12. Nf3 Ng4 13. Qd5 Nxe3 14. fxe3
Be6 15. Qd2 Qb6 16. b3 Bxc3 17. Qc1 Bg4 18. Rd3 Nb4 19. Rdd1 Nxa2 0-1

[Event "20. Intern. Travemünder Schach-Open"]
[Site "?"]
[Date "2003.12.27"]
[Round "1"]
[White "Kasten, Stephan"]
[Black "Miezis, Normunds"]
[Result "0-1"]
[WhiteElo "1789"]
[BlackElo "2525"]
[PlyCount "68"]
[EventDate "2003.??.??"]

1. e4 c5 2. Nf3 e6 3. d4 cxd4 4. Nxd4 a6 5. Be2 Nf6 6. Nd2 e5 7. N4f3 Nc6 8. c4
Bc5 9. a3 a5 10. h3 d6 11. Qc2 Be6 12. Nb3 Ba7 13. Bg5 a4 14. Nbd2 h6 15. Bxf6
Qxf6 16. Rd1 Nd4 17. Nxd4 Bxd4 18. O-O h5 19. Nb1 Bc5 20. Nc3 Bd7 21. Nb5 O-O
22. Rd3 Rfc8 23. Qd1 Bc6 24. Nc3 g6 25. Nd5 Qh4 26. Kh1 Bxd5 27. exd5 e4 28.
Rc3 Bxf2 29. Qd2 e3 30. Qc2 b6 31. Bd3 Re8 32. Be2 Re5 33. Qd1 Rg5 34. Bf3 Rg3
0-1

[Event "20. Intern. Travemünder Schach-Open"]
[Site "?"]
[Date "2004.12.27"]
[Round "1"]
[White "Levin, Felix"]
[Black "Janotta, Steffi"]
[Result "1-0"]
[WhiteElo "2481"]
[BlackElo "1766"]
[PlyCount "43"]
[EventDate "2003.??.??"]

1. d4 d5 2. c4 c6 3. Nf3 Nf6 4. e3 e6 5. Bd3 dxc4 6. Bxc4 b5 7. Bd3 Qb6 8. Qe2
a6 9. a4 Bb7 10. O-O Be7 11. e4 O-O 12. Bg5 h6 13. Bh4 Nbd7 14. e5 Nd5 15. Qe4
g6 16. Bxe7 Nxe7 17. Qh4 Rfe8 18. Qxh6 c5 19. Ng5 Nf8 20. Nd2 cxd4 21. Nde4
Bxe4 22. Nxe4 1-0

[Event "20. Intern. Travemünder Schach-Open"]
[Site "?"]
[Date "2003.12.27"]
[Round "1"]
[White "Forster, Manfred"]
[Black "Mainka, Romuald"]
[Result "0-1"]
[WhiteElo "1765"]
[BlackElo "2459"]
[PlyCount "56"]
[EventDate "2003.??.??"]

1. d4 f5 2. e4 fxe4 3. Nc3 Nf6 4. f3 d5 5. Bf4 c6 6. Be2 Nbd7 7. fxe4 dxe4 8.
Nh3 Nb6 9. Ng5 g6 10. O-O Bg7 11. Be5 O-O 12. Qe1 h6 13. Ngxe4 Nxe4 14. Rxf8+
Qxf8 15. Nxe4 Bxe5 16. dxe5 Qf4 17. Bd3 Bf5 18. Nf2 Rf8 19. Bxf5 Rxf5 20. Nd3
Qd4+ 21. Kh1 Nd5 22. Rd1 Ne3 23. c3 Qg4 24. Rd2 Rf1+ 25. Qxf1 Nxf1 26. Nf2 Qg5
27. Rd8+ Kf7 28. Kg1 Ne3 0-1

[Event "20. Intern. Travemünder Schach-Open"]
[Site "?"]
[Date "2003.12.27"]
[Round "1"]
[White "Muse, Mladen"]
[Black "Kycler, Jan"]
[Result "1-0"]
[WhiteElo "2453"]
[BlackElo "1764"]
[PlyCount "51"]
[EventDate "2003.??.??"]

1. e4 c5 2. Nf3 Nc6 3. Bb5 a6 4. Bxc6 bxc6 5. Nc3 d6 6. h3 e5 7. d3 g6 8. O-O
Bg7 9. Nh2 Ne7 10. f4 O-O 11. fxe5 Bxe5 12. Bh6 Bd4+ 13. Kh1 Bg7 14. Bxg7 Kxg7
15. d4 f5 16. dxc5 dxc5 17. Qe1 fxe4 18. Rxf8 Qxf8 19. Nxe4 Nf5 20. Qc3+ Kg8
21. Ng4 Be6 22. Qe5 Bd5 23. Ngf6+ Kh8 24. Nxd5+ Ng7 25. Ndf6 Ra7 26. Qxc5 1-0